|
|
|
|
| LEADER |
00000nac a22000007i 4500 |
| 003 |
Ucuenca |
| 005 |
20230308225450.0 |
| 008 |
171025b1974 sp ||||| |||| 00| 0 spa d |
| 999 |
|
|
|c 152752
|d 152752
|
| 020 |
|
|
|a 8470881221
|
| 040 |
|
|
|b spa
|a UCuenca-cdrjbv
|c UCuenca
|e rda
|
| 041 |
|
|
|a spa
|
| 082 |
|
|
|a 711
|
| 100 |
1 |
|
|9 212337
|a Compagna, Francesco
|
| 245 |
|
|
|a La política de la ciudad
|c Francesco Compagna. Traductor Isabel Barrios Salinas y Moreu Randon
|
| 264 |
|
|
|a Madrid
|b Instituto de Estudios de Administración Local
|c 1974
|
| 300 |
|
|
|a 285 páginas:
|c 21.5 cm
|
| 336 |
|
|
|2 rdacontent
|a texto
|b txt
|
| 337 |
|
|
|2 rdamedia
|a no mediado
|b n
|
| 338 |
|
|
|2 rdacarrier
|a volumen
|b nc
|
| 490 |
|
|
|a Nuevo urbanismo
|n no. 9
|
| 650 |
|
0 |
|a Planificación urbana
|9 932
|
| 650 |
|
0 |
|9 5707
|a Ciudades
|
| 650 |
|
7 |
|a Urbanismo
|9 110
|
| 942 |
|
|
|c CR
|2 ddc
|